[Event "XXVIII Open"]
[Site "Zalakaros HUN"]
[Date "2009.05.12"]
[Round "5"]
[White "Meszaros,T"]
[Black "Nguyen Huynh Minh Huy"]
[Result "0-1"]
[WhiteElo "2434"]
[BlackElo "2484"]

1.e4 c5 2.Nf3 d6 3.d4 cxd4 4.Nxd4 Nf6 5.Nc3 Nc6 6.Bg5 e6 7.Qd2 Be7 8.O-O-O Qb6
9.f3 Qxd4 10.Qxd4 Nxd4 11.Rxd4 a6 12.Na4 Nd7 13.Bxe7 Kxe7 14.Be2 e5 15.Rd2 b5
16.Nc3 Nb6 17.Rhd1 Rd8 18.a4 bxa4 19.Nd5+ Nxd5 20.Rxd5 a5 21.Bb5 a3 22.b3 f5
23.exf5 Bxf5 24.f4 Be6 25.fxe5 Bxd5 26.Rxd5 dxe5 27.Rxe5+ Kf6 28.Re1 Rac8
29.Re4 Rc5 30.Be2 Re5 31.Rxe5 Kxe5 32.Kb1 Rd2 33.Bf3 Kf4 34.Ka2 Rxc2+ 35.Kxa3 g5
36.h3 Kg3 37.Be4 Rxg2  0-1

[Event "ch-ESP Universities"]
[Site "La Pineda de Vila-Seca ESP"]
[Date "2009.05.14"]
[Round "8"]
[White "Almagro Llamas,P"]
[Black "Carrasco Sagredo,M"]
[Result "1-0"]
[WhiteElo "2479"]
[BlackElo "2143"]

1.e4 c5 2.Nf3 d6 3.d4 cxd4 4.Nxd4 Nf6 5.Nc3 Nc6 6.Bg5 e6 7.Qd2 a6 8.O-O-O h6
9.Be3 Bd7 10.f3 Qc7 11.Kb1 Rb8 12.g4 b5 13.h4 Na5 14.Bd3 e5 15.Nf5 Be6 16.g5 Nd7
17.gxh6 gxh6 18.f4 Nf6 19.Rhg1 b4 20.Ne2 Nc4 21.Qc1 Bxf5 22.exf5 Nd5 23.Bf2 Be7
24.fxe5 dxe5 25.Ka1 e4 26.Bxe4 Nc3 27.Qf4 Qxf4 28.Nxf4 Nxe4 29.Bd4  1-0

[Event "TCh-FIN"]
[Site "Finland FIN"]
[Date "2009.05.15"]
[Round "9"]
[White "Niemi,K"]
[Black "Tella,J"]
[Result "0-1"]
[WhiteElo "2312"]
[BlackElo "2424"]

1.e4 c5 2.Nf3 d6 3.d4 cxd4 4.Nxd4 Nf6 5.Nc3 Nc6 6.Bg5 e6 7.Qd2 Be7 8.O-O-O O-O
9.Nb3 Qb6 10.Be3 Qc7 11.f4 a6 12.Be2 b5 13.Bf3 Rb8 14.Kb1 Nd7 15.g4 Nb6 16.Bxb6 Qxb6
17.g5 Rd8 18.Rhg1 b4 19.Ne2 a5 20.Nbd4 Nxd4 21.Nxd4 g6 22.f5 e5 23.Ne2 a4
24.h4 d5 25.f6 Bc5 26.Rh1 b3 27.cxb3 axb3 28.Nc3 bxa2+ 29.Ka1 Bd4 30.h5 dxe4
31.hxg6 exf3 32.gxf7+ Kf8 33.g6 hxg6 34.Rh8+ Kxf7 35.Rh7+ Ke6 36.Rdh1 Qxb2+
37.Qxb2 Rxb2 38.Kxb2 Kxf6 39.Rc7 Be6 40.Kc2 Bf5+  0-1

[Event "XXVIII Open"]
[Site "Zalakaros HUN"]
[Date "2009.05.16"]
[Round "9"]
[White "Groszpeter,A"]
[Black "Nguyen Huynh Minh Huy"]
[Result "1/2-1/2"]
[WhiteElo "2553"]
[BlackElo "2484"]

1.e4 c5 2.Nf3 d6 3.d4 cxd4 4.Nxd4 Nf6 5.Nc3 Nc6 6.Bg5 e6 7.Qd2 Be7 8.O-O-O Qb6
9.Be3 Ng4 10.Na4 Qd8 11.Nb5 Nxe3 12.fxe3 O-O 13.Nxd6 Qc7 14.Nb5  1/2-1/2

[Event "Limpedea Cup"]
[Site "Baia Sprie ROM"]
[Date "2009.05.17"]
[Round "7"]
[White "Manea,Al"]
[Black "Shishkin,Va UKR"]
[Result "0-1"]
[WhiteElo "2404"]
[BlackElo "2498"]

1.e4 c5 2.Nf3 Nc6 3.d4 cxd4 4.Nxd4 Nf6 5.Nc3 d6 6.Bg5 e6 7.Qd2 Qb6 8.O-O-O a6
9.f3 Qxd4 10.Qxd4 Nxd4 11.Rxd4 Bd7 12.Be2 Bc6 13.Rhd1 Be7 14.Bh4 O-O-O 15.Kb1 h6
16.Bxf6 Bxf6 17.R4d3 Kc7 18.Bf1 b5 19.Ne2 d5 20.exd5 Bxd5 21.Nf4 Bc4 22.Rxd8 Rxd8
23.Rxd8 Bxd8 24.Bxc4 bxc4 25.b3 Kc6 26.Ne2 Bc7 27.h3 Kd5 28.Kb2 e5 29.Ka3 Kc5
30.Ka4 f5 31.Ka3 g6 32.Kb2 Kd5 33.Ka3 Kc5 34.Kb2 h5 35.Kc1 Ba5 36.c3 Kd5
37.Kd2 Bc7 38.Ke3 Bb6+ 39.Kd2 h4 40.Nc1 Ba5 41.Ne2 Bd8 42.Ke1 Bb6 43.Kf1 Be3
44.Ke1 g5 45.Kd1 e4 46.Ke1 a5 47.Kf1 Bd2 48.Kf2 e3+ 49.Kf1 f4 50.Kg1 Kd6
51.Kf1 Kc5 52.Kg1 cxb3 53.axb3 Bxc3 54.Nxc3 Kb4 55.Ne4 Kxb3 56.Kf1 a4 57.Nc5+ Kb4
58.Nd3+ Kc3 59.Ke2 a3 60.Nc1 Kc2 61.Nd3 a2 62.Nb4+ Kb3 63.Nxa2 Kxa2  0-1

[Event "82nd ch-St Petersburg"]
[Site "St Petersburg RUS"]
[Date "2009.05.17"]
[Round "10"]
[White "Yemelin,V"]
[Black "Smirnov,Arte"]
[Result "1-0"]
[WhiteElo "2582"]
[BlackElo "2454"]

1.e4 c5 2.Nf3 Nc6 3.d4 cxd4 4.Nxd4 Nf6 5.Nc3 d6 6.Bg5 e6 7.Qd2 a6 8.O-O-O Bd7
9.f4 h6 10.Bh4 g5 11.fxg5 Ng4 12.Nxc6 Bxc6 13.Bg3 hxg5 14.Qe2 Nf6 15.Kb1 Nh5
16.Bf2 Bg7 17.Nd5 Bb5 18.c4 Ba4 19.Bb6 Qd7 20.Nc7+ Ke7 21.b3 Rac8 22.c5 Kf8
23.cxd6 Ng3 24.Qf3 Nxh1 25.Bc4 g4 26.Qxg4 Rh6 27.e5 Bb5 28.Nxb5 axb5 29.Bxb5 Qxb5
30.d7 Ra8 31.d8=Q+ Rxd8 32.Rxd8+ Ke7 33.Qg5+  1-0

[Event "18th CRO-Cup"]
[Site "Sibenik CRO"]
[Date "2009.05.21"]
[Round "2"]
[White "Fercec,N"]
[Black "Kozul,Z"]
[Result "1/2-1/2"]
[WhiteElo "2478"]
[BlackElo "2600"]

1.e4 c5 2.Nf3 d6 3.d4 cxd4 4.Nxd4 Nf6 5.Nc3 Nc6 6.Bg5 e6 7.Qd2 a6 8.O-O-O Bd7
9.f3 Qc7 10.g4 b5 11.Be3 Ne5 12.a3 Nc4 13.Bxc4 bxc4 14.Kb1 Rb8 15.Ka1 Be7
16.Rb1 Qa5 17.h4 d5 18.g5 Nh5 19.exd5 exd5 20.Nde2 Be6 21.Rhd1 Rd8 22.Bd4 O-O
23.Nf4 Nxf4 24.Qxf4 Rfe8 25.h5 Bd6 26.Qd2 Qc7 27.h6 Bf4 28.Qf2 g6 29.Bf6 Rd7
30.Qd4 Bg3 31.Ne2 Bf5 32.Nxg3 Qxg3 33.Qc3 Re2 34.Re1 Re6 35.Rbd1 Qf4 36.Be5 Qxg5
37.Bf4 d4 38.Rxe6 Bxe6 39.Bxg5 dxc3 40.Rxd7 Bxd7 41.Bf6 Bc6 42.f4 Kf8 43.Kb1 Ba4
44.Bxc3 Ke7 45.Kc1 Ke6 46.Kd2 Kf5 47.Ke3 Bxc2 48.Kf3 Bd1+ 49.Kg3 Ke4 50.Bf6 Kf5  1/2-1/2

[Event "VI Muhamedzjanov Mem"]
[Site "Naberezhnye Chelny RUS"]
[Date "2009.05.22"]
[Round "2"]
[White "Andreev,Ed UKR"]
[Black "Akhmadeev,Vad"]
[Result "1/2-1/2"]
[WhiteElo "2458"]
[BlackElo "2419"]

1.e4 c5 2.Nf3 d6 3.d4 cxd4 4.Nxd4 Nf6 5.Nc3 Nc6 6.Bg5 Qb6 7.Bxf6 gxf6 8.Nb3 e6
9.Qd2 a6 10.O-O-O Bd7 11.f4 O-O-O 12.Be2 h5 13.Rhf1 Be7 14.Rf3 Rdg8 15.Bf1 Kb8
16.Kb1 Rc8 17.Rh3 Na5 18.Nxa5  1/2-1/2

[Event "18th CRO-Cup"]
[Site "Sibenik CRO"]
[Date "2009.05.23"]
[Round "4"]
[White "Brkic,A"]
[Black "Kozul,Z"]
[Result "1-0"]
[WhiteElo "2541"]
[BlackElo "2600"]

1.e4 c5 2.Nf3 d6 3.d4 cxd4 4.Nxd4 Nf6 5.Nc3 Nc6 6.Bg5 e6 7.Qd2 a6 8.O-O-O Bd7
9.f3 Qc7 10.g4 Ne5 11.Be3 b5 12.a3 Rc8 13.g5 Nh5 14.f4 Nc4 15.Bxc4 Qxc4 16.Nb3 d5
17.exd5 b4 18.axb4 Bxb4 19.dxe6 Bxe6 20.f5 Bxf5 21.Qf2 Be6 22.Rd4 Qc6 23.Ne4 a5
24.Kb1 O-O 25.Rg1 Rfe8 26.Nc1 g6 27.Nd3 Bf5 28.Nf6+ Nxf6 29.gxf6 Rxe3 30.Qxe3 Qxc2+
31.Ka1 Bc3 32.Rc4 Bxf6 33.Rxc2 Rxc2 34.Rf1 Rxh2 35.Rxf5 Rh1+ 36.Ka2 gxf5
37.Qf3 Rg1 38.Qxf5 Kg7 39.Qxa5 Rg5 40.Qa4 h5 41.Qd7 Rg2 42.Qh3 Rg5 43.Nf4 Be5
44.Qe3 Kf6 45.Qf3 Rf5 46.Nxh5+ Kg5 47.Qh3 Bd4 48.Ng3  1-0

[Event "Doroshkevicha Mem"]
[Site "Belorechensk RUS"]
[Date "2009.05.24"]
[Round "2"]
[White "Kryakvin,D"]
[Black "Dashko,A"]
[Result "1/2-1/2"]
[WhiteElo "2583"]
[BlackElo "2347"]

1.e4 c5 2.Nf3 d6 3.d4 cxd4 4.Nxd4 Nf6 5.Nc3 Nc6 6.Bg5 e6 7.Qd2 Be7 8.O-O-O a6
9.f4 Bd7 10.Nf3 h6 11.Bxf6 gxf6 12.Kb1 Qa5 13.f5 O-O-O 14.g3 Kb8 15.Bh3 Rc8
16.fxe6 Bxe6 17.Bf5 Ne5 18.Nd5 Qxd2 19.Nxd2 Bd8 20.Rhf1 h5 21.Nb3 h4 22.Bxe6 fxe6
23.Nf4 Ng4 24.Rd2 hxg3 25.hxg3 e5 26.Nd5 Rh3 27.Rg1 Bc7 28.c4 Rch8 29.Rgd1 Rxg3
30.c5 dxc5 31.Nxc7 Kxc7 32.Rd7+ Kb6 33.R7d6+ Ka7 34.Nxc5 Rc8 35.b4 a5 36.Rd7 axb4
37.Rxb7+ Ka8 38.Rb5 Ra3 39.Nd7 Ka7 40.Rxb4 Rc7 41.Nb6 Ra6 42.Nd5 Rb7 43.Rxb7+ Kxb7
44.Rd2 Ra4 45.Re2 Rd4 46.Kb2 f5 47.Kc3 fxe4 48.Rd2 e3 49.Nxe3  1/2-1/2

[Event "Doroshkevicha Mem"]
[Site "Belorechensk RUS"]
[Date "2009.05.24"]
[Round "2"]
[White "Petrushin,A1"]
[Black "Kondenko,A"]
[Result "1-0"]
[WhiteElo "2456"]
[BlackElo "2231"]

1.e4 c5 2.Nf3 d6 3.d4 cxd4 4.Nxd4 Nf6 5.Nc3 Nc6 6.Bg5 e6 7.Qd2 a6 8.O-O-O Bd7
9.f4 Be7 10.Nf3 b5 11.Bxf6 gxf6 12.Bd3 Qa5 13.Kb1 O-O-O 14.f5 Kb8 15.Qh6 Rc8
16.fxe6 fxe6 17.Ne2 Rc7 18.Nc1 Rhc8 19.Qxh7 f5 20.exf5 Bf6 21.Qh6 Bxb2 22.Kxb2 Nb4
23.Qd2 Rc3 24.Qxc3 Rxc3 25.Kxc3 Nd5+ 26.Kb2 b4 27.Ne2 exf5 28.Ka1 Qc5 29.Nfd4 Nc3
30.Nb3 Qe5 31.Nxc3 Qxc3+ 32.Kb1 Ka7 33.Rhf1 Qe5 34.h4 Kb6 35.Rde1 Qf6 36.g4 Qxh4
37.Bxf5 Bb5 38.Rh1 Qg3 39.Rd1 a5 40.Rh6 a4 41.Rhxd6+ Kc7 42.Nd4  1-0

[Event "VI Muhamedzjanov Mem"]
[Site "Naberezhnye Chelny RUS"]
[Date "2009.05.25"]
[Round "6"]
[White "Kupreichik,V"]
[Black "Akhmadeev,Vad"]
[Result "1-0"]
[WhiteElo "2453"]
[BlackElo "2419"]

1.e4 c5 2.Nf3 d6 3.Nc3 Nc6 4.d4 cxd4 5.Nxd4 Nf6 6.Bg5 e6 7.Qd2 a6 8.O-O-O Bd7
9.f4 h6 10.Bh4 g5 11.fxg5 Ng4 12.Kb1 Nce5 13.Nf3 Be7 14.Bg3 hxg5 15.Be2 Rb8
16.Rhf1 b5 17.Nxe5 Nxe5 18.Bxe5 dxe5 19.Bg4 Qc7 20.Nd5 exd5 21.Qxd5 O-O 22.Qxd7 Rbc8
23.Qd3 Rfd8 24.Qb3 Rxd1+ 25.Bxd1 Qc4 26.Qf3 Rc6 27.b3 Qe6 28.Qg3 Qd6 29.Qf2 Qg6
30.Bg4 Rc7 31.Qf3 Ba3 32.Bh5 Qe6 33.Qf5 Qe7 34.h4 gxh4 35.Qg4+ Kf8 36.Rxf7+ Qxf7
37.Bxf7 Rxf7 38.c3 Rf2 39.Qc8+ Kf7 40.Qxa6 Be7 41.Qxb5 Bf6 42.Qd7+ Kg6 43.Qg4+ Bg5
44.a4 Kf6 45.a5 Rf4  1-0

[Event "Subic Open"]
[Site "Subic PHI"]
[Date "2009.05.26"]
[Round "2"]
[White "Mas,H"]
[Black "Gupta,Ab"]
[Result "0-1"]
[WhiteElo "2421"]
[BlackElo "2570"]

1.e4 c5 2.Nf3 d6 3.d4 cxd4 4.Nxd4 Nf6 5.Nc3 Nc6 6.Bg5 e6 7.Qd2 a6 8.O-O-O Be7
9.f4 Nxd4 10.Qxd4 b5 11.Bxf6 Bxf6 12.Qxd6 Qxd6 13.Rxd6 Bb7 14.Bd3 Be7 15.Rb6 O-O-O
16.a4 Bc5 17.Rxb7 Kxb7 18.axb5 axb5 19.Nxb5 Kb6 20.Nc3 Be3+ 21.Kb1 Bxf4 22.h3 Be5
23.Nd1 Bd4 24.Rf1 Rd7 25.Rf3 Rhd8 26.Kc1 h5 27.Be2 g6 28.Rb3+ Kc7 29.Rf3 Kd6
30.c3 Bb6 31.Bb5 Rb7 32.b4 Ke7 33.Kc2 Ra7 34.Nb2 f5 35.Bd3 Ra1 36.Kb3 Rg1
37.Na4 Ba7 38.c4 Rxg2 39.exf5 gxf5 40.c5 h4 41.Kc4 Rg3 42.Be2 Rd2 43.Nc3 Bb8
44.b5 Be5 45.b6 Rxf3  0-1

[Event "VI Muhamedzjanov Mem"]
[Site "Naberezhnye Chelny RUS"]
[Date "2009.05.27"]
[Round "9"]
[White "Alavkin,A"]
[Black "Akhmadeev,Vad"]
[Result "0-1"]
[WhiteElo "2460"]
[BlackElo "2419"]

1.e4 c5 2.Nf3 d6 3.d4 cxd4 4.Nxd4 Nf6 5.Nc3 Nc6 6.Bg5 e6 7.Qd3 a6 8.f4 Bd7
9.O-O-O Be7 10.Be2 Rc8 11.Kb1 Qc7 12.Nf3 Rd8 13.Rhe1 b5 14.Bf1 O-O 15.Bxf6 gxf6
16.Nd5 exd5 17.exd5 Nb4 18.Qd2 Bf5 19.Nd4 Bxc2+ 20.Nxc2 Nxc2 21.Qxc2 Qxc2+
22.Kxc2 Rc8+ 23.Kb1 Bd8 24.Re3 Bb6 25.Ra3 Ra8 26.Rh3 Kg7 27.Rdd3 Bf2 28.Rdf3 Be1
29.Kc2 Rfe8 30.Kd1 Ra7 31.Rh5 h6 32.Rfh3 Bf2 33.Kd2 Rh8 34.Kd3 Rc7 35.Rf3 Be1
36.Re3 Rc1 37.Be2 b4 38.Bg4 a5 39.Bd7 Bf2 40.Re2 Bc5 41.Rh3 Rd8 42.Bc6 f5
43.Rg3+ Kf6 44.Rh3 Rh8 45.Rh5 Kg6 46.Rh3 Rf1 47.Rf3 Ra1 48.Kc2 Kf6 49.Bd7 Rd8
50.Be8 a4 51.Bxa4 Rxa2 52.Kb3 Ra1 53.Rh3 Rh8 54.Bd7 Rf1 55.Rf3 Rxf3+ 56.gxf3 Rg8
57.Kc4 Rg1 58.Re8 Rg2 59.Rh8 Rxh2 60.Rh7 Kg6 61.Rh8 Rxb2 62.Rg8+ Kf6 63.Rh8 Rh2
64.Ba4 Rh4 65.Kd3 Kg7 66.Re8 Rxf4 67.Ke2 Rc4 68.Rb8 Rc3 69.f4 Re3+ 70.Kd2 Re4
71.Rb7 Be3+ 72.Kd3 Bxf4 73.Bd7 Kf6 74.Rb8 Be5 75.Be8 Bc3 76.Bc6 Kg7 77.Rb7 Bf6
78.Ba4 h5 79.Bd1 Kg6 80.Bf3 Rf4 81.Ke2 h4 82.Kf2 Be5  0-1

[Event "Doroshkevicha Mem"]
[Site "Belorechensk RUS"]
[Date "2009.05.29"]
[Round "7"]
[White "Dzhakaev,D"]
[Black "Kryakvin,D"]
[Result "1/2-1/2"]
[WhiteElo "2478"]
[BlackElo "2583"]

1.e4 c5 2.Nf3 d6 3.d4 cxd4 4.Nxd4 Nf6 5.Nc3 Nc6 6.Bg5 e6 7.Qd2 Be7 8.O-O-O O-O
9.f3 d5 10.exd5 Nxd5 11.Bxe7 Ncxe7 12.Bc4 Nxc3 13.Qxc3 Nd5 14.Qd2 Nb6 15.Bb3 Bd7
16.f4 Qc7 17.g4 Rad8 18.f5 Bc6 19.Rhg1 Kh8 20.fxe6 fxe6 21.Qg5 Bd7 22.Rge1 Rde8
23.Bxe6 h6 24.Qd2 Nc4 25.Qc3 b5 26.Bxd7 Rxe1 27.Rxe1 Qxd7 28.Nf5 Qc7 29.Re4 Qb7
30.Re6 Rf6 31.Re8+ Kh7 32.b3 Nd6 33.Nxd6 Rxd6 34.Qe5 Qd5 35.Qxd5 Rxd5 36.Ra8 h5
37.gxh5 Rxh5 38.Rxa7 Rxh2 39.a3 Kh6 40.Ra5 Rh5 41.Kb2 g5 42.Rxb5 g4 43.Rb8 g3
44.Rg8 Rg5 45.Rh8+ Kg6 46.Rh1 Kf5 47.a4 Ke4 48.b4 g2 49.Rg1 Kd4 50.a5 Kc4
51.c3 Kb5 52.Kc2 Rg3 53.Kb3 Rg4 54.Ka2 Rg6 55.Kb2 Rg5 56.Kc2 Kc4  1/2-1/2

[Event "Subic Open"]
[Site "Subic PHI"]
[Date "2009.05.29"]
[Round "7"]
[White "Ganguly,S"]
[Black "Bitoon,R"]
[Result "1/2-1/2"]
[WhiteElo "2625"]
[BlackElo "2479"]

1.e4 c5 2.Nf3 d6 3.d4 cxd4 4.Nxd4 Nf6 5.Nc3 Nc6 6.Bg5 e6 7.Qd2 Qb6 8.Nb3 Be7
9.O-O-O a6 10.f3 O-O 11.g4 Qc7 12.Be3 b5 13.g5 Nd7 14.h4 Nce5 15.Qg2 Bb7
16.Kb1 b4 17.Ne2 d5 18.g6 dxe4 19.gxh7+ Kh8 20.Rg1 Ng6 21.fxe4 Nf6 22.Ng3 Nxh4
23.Qh1 Nf5 24.Bf2 Qf4 25.Nxf5 Bxe4 26.Qh4 Qxf5 27.Bd3 Bxd3 28.Rxd3 Nh5 29.Qxe7 Qxf2
30.Rgd1 Rac8 31.R3d2 Qf4 32.Qa7 Qc4 33.Qf2 Nf6 34.Rd4 Qb5 35.Rf4 Rfd8 36.Rg1 Qe5
37.Re1 Qh5 38.Nc1 Rd5 39.Rxf6 gxf6 40.Qxf6+ Kxh7 41.Rh1 Qxh1 42.Qxf7+ Kh8
43.Qf6+ Kh7 44.Qe7+ Kh8  1/2-1/2

[Event "3rd ENCI Limburg Open"]
[Site "Maastricht NED"]
[Date "2009.05.30"]
[Round "2"]
[White "Doggers,P"]
[Black "Bijlsma,N"]
[Result "1/2-1/2"]
[WhiteElo "2279"]
[BlackElo "1952"]

1.e4 c5 2.Nf3 d6 3.d4 cxd4 4.Nxd4 Nf6 5.Nc3 Nc6 6.Bg5 Bd7 7.Bxf6 gxf6 8.Be2 Rc8
9.O-O Nxd4 10.Qxd4 Qa5 11.Rad1 Qc5 12.Qd3 Bg7 13.Nd5 Rg8 14.c3 Bh6 15.e5 Bf8
16.exf6 e6 17.Bh5 Rh8 18.Qe2 Kd8 19.Ne7 Bxe7 20.fxe7+ Kxe7 21.Rfe1 Rhg8 22.Bf3 Bc6
23.Rd4 Qf5 24.Bxc6 Rxc6 25.Rb4 b6 26.g3 Rg5 27.Qa6 Rc7 28.Ree4 d5 29.Rf4 Qe5
30.Kg2 Qd6 31.Qd3 e5 32.Rh4 d4 33.Rxh7 Qc6+ 34.Qf3 Qxf3+ 35.Kxf3 dxc3 36.bxc3 Rxc3+
37.Ke4 Rg4+ 38.f4 Ke6 39.Rh5 f6 40.a4 exf4 41.gxf4 Rg2 42.f5+ Kd6 43.Rd4+ Kc5
44.Rd5+ Kc4 45.Rd4+  1/2-1/2

[Event "3rd ENCI Limburg Open"]
[Site "Maastricht NED"]
[Date "2009.05.30"]
[Round "2"]
[White "Smith,T"]
[Black "Smits,S"]
[Result "0-1"]
[WhiteElo "1955"]
[BlackElo "2157"]

1.e4 c5 2.Nf3 d6 3.d4 cxd4 4.Nxd4 Nf6 5.Nc3 Nc6 6.Bg5 e6 7.Qd2 Be7 8.O-O-O O-O
9.f4 Nxd4 10.Qxd4 Qa5 11.Kb1 h6 12.Bh4 e5 13.Qd3 exf4 14.Bxf6 Bxf6 15.Nd5 Be5
16.g3 fxg3 17.hxg3 Be6 18.Bh3 Bxd5 19.exd5 Qb6 20.c3 a5 21.Bf5 a4 22.g4 a3
23.b3 Qf2 24.Rd2 Qg3 25.Qxg3 Bxg3 26.Rg2 Be5 27.c4 Rfe8 28.g5 hxg5 29.Rxg5 Bf6
30.Rg2 Re5 31.Bh7+ Kf8 32.Bd3 Rae8 33.Rh8+ Ke7 34.Rxe8+ Kxe8 35.Kc2 Kf8 36.b4 g6
37.Re2 Rg5 38.Re3 Bd4 39.Rf3 Ke7 40.Kb3 Bb2 41.Ka4 Re5 42.Kb5 Bd4 43.Ka4 f5
44.Kxa3 Re3 45.Rxe3+ Bxe3 46.Ka4 Kf6 47.Kb5 Ke5 48.Be2 g5 49.a4 g4 50.a5 Ke4
51.a6 bxa6+ 52.Kc6 g3 53.Bf1 f4 54.c5 dxc5 55.d6 f3 56.d7 Bg5  0-1

[Event "3rd ENCI Limburg Open"]
[Site "Maastricht NED"]
[Date "2009.05.30"]
[Round "3"]
[White "Breuker,D"]
[Black "Bus,T"]
[Result "1/2-1/2"]
[WhiteElo "2081"]
[BlackElo "2225"]

1.e4 c5 2.Nf3 Nc6 3.d4 cxd4 4.Nxd4 Nf6 5.Nc3 d6 6.Bg5 e6 7.Qd2 Be7 8.O-O-O O-O
9.f4 h6 10.Bxf6 Bxf6 11.Ndb5 Qa5 12.Nxd6 Rd8 13.Qe1 e5 14.f5 Nd4 15.Nc4 Qc5
16.Bd3 b5 17.Ne3 Bg5 18.Kb1 Bb7 19.h4 Bxe3 20.Qxe3 Rac8 21.Rd2 Nb3 22.Re2 Nd4
23.Rd2 Nb3 24.Re2  1/2-1/2

[Event "3rd ENCI Limburg Open"]
[Site "Maastricht NED"]
[Date "2009.05.30"]
[Round "3"]
[White "Solodovnichenko,Y"]
[Black "Bitalzadeh,A"]
[Result "1-0"]
[WhiteElo "2564"]
[BlackElo "2417"]

1.e4 c5 2.Nf3 d6 3.d4 cxd4 4.Nxd4 Nf6 5.Nc3 Nc6 6.Bg5 Bd7 7.Bxf6 gxf6 8.Nf5 Bxf5
9.exf5 Qa5 10.Bb5 a6 11.Bxc6+ bxc6 12.Qf3 Qe5+ 13.Kf1 d5 14.g3 Bg7 15.Kg2 O-O
16.Rad1 Qd6 17.Ne2 e5 18.c4 Rad8 19.Nc3 e4 20.Qg4 Qb4 21.Qe2 Qxc4 22.Qxc4 dxc4
23.Nxe4 Rd5 24.Rc1 Rd4 25.Rhe1 Rb8 26.Rc2 Kf8 27.Nd2 Rb5 28.Nxc4 Rxf5 29.Ne3 Ra5
30.Rxc6 Bh6 31.f4 Rd2+ 32.Kf3 Rxb2 33.Nc4 Rbxa2 34.Nxa5 Rxa5 35.Rc7 Ra3+
36.Kg4 Kg7 37.Ree7  1-0

[Event "ch-UZB"]
[Site "Tashkent UZB"]
[Date "2009.05.30"]
[Round "2"]
[White "Filippov,An UZB"]
[Black "Kvon,A"]
[Result "1/2-1/2"]
[WhiteElo "2584"]
[BlackElo "2425"]

1.e4 c5 2.Nf3 Nc6 3.d4 cxd4 4.Nxd4 Nf6 5.Nc3 d6 6.Bg5 Qb6 7.Nb3 e6 8.Bxf6 gxf6
9.Qd2 a6 10.O-O-O Bd7 11.f4 O-O-O 12.Be2 Rg8 13.Bh5 Rg7 14.g4 Kb8 15.Kb1 Na5
16.Nxa5 Qxa5 17.Rhf1 Bc6 18.a3 Be7 19.Rfe1 Rc8 20.h3 Qc5 21.Re3 Be8 22.Rd3 Rg8
23.f5 Bf8 24.Rd4 Qe5 25.Qd3 Be7 26.Qd2 Rh8 27.Qd3 Rf8 28.Rd2 Bc6 29.Re2 Bd8
30.Nd5 Bb5 31.c4 Rxc4 32.Rxc4 exd5 33.exd5 Bxc4 34.Qxc4 Qg3 35.Ka2 Qxh3 36.Qe4 Qf1
37.Re3 Qb5 38.Rb3 Re8 39.Qd4 Qd7 40.Qc4 Ka7 41.Qd4+ Ka8 42.Re3 Kb8 43.Qc4 Re5
44.Rb3 Ka7 45.Qd4+ Ka8 46.Qd2 Ka7 47.Qd4+ Ka8 48.Qd2 Ka7  1/2-1/2

[Event "3rd ENCI Limburg Open"]
[Site "Maastricht NED"]
[Date "2009.06.01"]
[Round "6"]
[White "Spoelman,W"]
[Black "Guliyev,N"]
[Result "1-0"]
[WhiteElo "2512"]
[BlackElo "2534"]

1.e4 c5 2.Nf3 d6 3.d4 cxd4 4.Nxd4 Nf6 5.Nc3 Nc6 6.Bg5 e6 7.Qd3 Be7 8.O-O-O Nxd4
9.Qxd4 a6 10.h4 b5 11.e5 dxe5 12.Qxe5 Qb6 13.Ne4 Nxe4 14.Bxe7 Bb7 15.Bb4 f6
16.Qh5+ g6 17.Qh6 Bd5 18.Bd3 O-O-O 19.Bxe4 Bxe4 20.f3 Bb7 21.Be7 Rxd1+ 22.Rxd1 Kb8
23.Bf8 Rg8 24.Qf4+ e5 25.Qb4 Bc8 26.Qe7 g5 27.Qf7 Qe6 28.Bd6+ Ka8 29.Qxh7 gxh4
30.Bc5 Bb7 31.Rd6 Qxa2 32.Qc7 Qa1+ 33.Kd2 Rxg2+ 34.Kc3 Rxc2+ 35.Kxc2 Qa4+
36.Kb1 Qd1+ 37.Rxd1  1-0

[Event "3rd ENCI Limburg Open"]
[Site "Maastricht NED"]
[Date "2009.06.01"]
[Round "6"]
[White "Kuipers,S"]
[Black "Smits,S"]
[Result "1/2-1/2"]
[WhiteElo "2343"]
[BlackElo "2157"]

1.e4 c5 2.Nf3 d6 3.d4 cxd4 4.Nxd4 Nf6 5.Nc3 Nc6 6.Bg5 e6 7.f3 Be7 8.Qd2 h6
9.Be3 O-O 10.O-O-O d5 11.exd5 Nxd5 12.Nxd5 Qxd5 13.Nb3 Qxd2+ 14.Rxd2 e5 15.Bb5 Bf5
16.Bxc6 bxc6 17.Bc5 Bg5 18.Bxf8 Kxf8 19.Re1 f6 20.Na5 Rd8 21.Re2 Rxd2 22.Rxd2 Bd7
23.c4 Ke7 24.b4 Bxd2+ 25.Kxd2 Kd6 26.Nb7+ Kc7 27.Nc5 Bc8 28.a4 a6 29.Ke3 f5
30.h4 h5 31.g3 Kd6 32.a5 Kc7 33.Nd3 Kd6 34.Nc5 Kc7 35.f4 e4 36.Kd4 Kd6 37.Na4 Bd7
38.Nc5 Bc8 39.Na4 Bd7 40.Nb2 Bc8 41.Nd1 Bd7 42.Nf2 Bc8 43.Nh3 Bd7 44.Ng5 Be8
45.c5+ Ke7 46.Ke5 Bd7 47.Nh3 Bc8 48.Ng1 Bd7 49.Ne2 Bc8 50.Nd4 Bd7 51.Nc2 Bc8
52.Ne3 Be6 53.Nc2 Bc8 54.Nd4 Bd7 55.Ne2 Bc8 56.Nc3 Bd7 57.b5 axb5 58.a6 Bc8
59.a7 Bb7 60.Kxf5 e3 61.Ke4 Ke6 62.Kxe3 b4 63.Na4 Kd5  1/2-1/2

[Event "ch-UZB"]
[Site "Tashkent UZB"]
[Date "2009.06.01"]
[Round "4"]
[White "Niyazmetov,R"]
[Black "Kvon,A"]
[Result "0-1"]
[WhiteElo "2227"]
[BlackElo "2425"]

1.e4 c5 2.Nf3 Nc6 3.d4 cxd4 4.Nxd4 Nf6 5.Nc3 d6 6.Bg5 e6 7.Qd2 a6 8.O-O-O Bd7
9.f3 b5 10.Nxc6 Bxc6 11.Bd3 Be7 12.Ne2 Bb7 13.Nd4 Rc8 14.h4 h6 15.Be3 Nd7
16.h5 d5 17.exd5 Bxd5 18.Kb1 Bf6 19.Rhe1 O-O 20.f4 Nc5 21.Nb3 Na4 22.Bd4 Bxb3
23.cxb3 Qxd4 24.bxa4 Qc5 25.axb5 axb5 26.g4 Rcd8 27.Qc2 Qb4 28.Re4 Qa5 29.Qb3 Rd6
30.Rb4 Rfd8 31.a3 Qa8 32.Qc2 Kh8 33.g5 hxg5 34.fxg5 Bxg5 35.Rg1 Be3 36.Be4 Qb8
37.Rf1 f5 38.Bf3 Bd2 39.Rb3 Qb6 40.Be2 b4 41.Bd3 Bg5 42.Rxb4 Qe3 43.Bc4 Rd2
44.Qb3 Qe4+ 45.Ka2 Bf6 46.Rb1 R2d4 47.Ba6 Rxb4 48.Qxb4 Qxb4 49.axb4 Kh7 50.Bc4 e5
51.Be6 f4 52.Bf5+ Kh6 53.Bg6 Rd4 54.b5 Rb4 55.Be8 e4 56.b3 f3 57.Rf1 Kg5
58.Ka3 Bc3 59.Bc6 Kf4 60.Ka2 Kg3 61.Rg1+ Kh2 62.Rc1 f2 63.b6 Rxb6  0-1

[Event "59th ch-RUS w HL"]
[Site "Voronezh RUS"]
[Date "2009.06.02"]
[Round "2"]
[White "Girya,O"]
[Black "Shaidullina,S"]
[Result "1-0"]
[WhiteElo "2335"]
[BlackElo "2235"]

1.e4 c5 2.Nf3 d6 3.d4 cxd4 4.Nxd4 Nf6 5.Nc3 Nc6 6.Bg5 e6 7.Qd2 h6 8.Bxf6 gxf6
9.O-O-O a6 10.f4 h5 11.Kb1 Bd7 12.Be2 Qb6 13.Nb3 O-O-O 14.Bf3 Kb8 15.h4 Na5
16.Qe2 Nxb3 17.cxb3 Qa5 18.Rd4 Bc6 19.Rhd1 e5 20.b4 Qb6 21.Nd5 Qa7 22.R4d2 Bxd5
23.Rxd5 exf4 24.Rxh5 Rxh5 25.Bxh5 Qb6 26.Bxf7 Qxb4 27.a3 Qa4 28.Rc1 Qd7 29.Bd5 f5
30.Rc3 Rc8 31.Rb3 b5 32.a4 Rc5 33.axb5 Rxb5 34.Qc4 Rxb3 35.Qxb3+ Ka7 36.Be6 Qe7
37.exf5 Qxh4 38.Qc3 Qd8 39.Qd4+ Qb6 40.Qxf4 Qg1+ 41.Ka2 Qc5 42.Qa4 Bh6 43.g4 Bg5
44.Bc4 a5 45.Be6 Bf6 46.Qb3 Qb6 47.Qc2 Qc5 48.Qd2 Qb4 49.Qxb4 axb4 50.Kb3 Kb6
51.g5 Bxg5 52.Kxb4 Bf6 53.b3 Bb2 54.Kc4 Kc6 55.b4 Be5 56.Bd5+ Kb6 57.Be4 Bf6
58.Bd3 Kc6 59.b5+ Kd7 60.Kd5 Bd8 61.Be2 Bh4 62.Bg4 Kc7 63.Ke6 Kb6 64.Be2 Kc7
65.f6 Bg5 66.f7 Bh6 67.Ke7 d5 68.f8=Q Bxf8+ 69.Kxf8 d4 70.Ke7 Kb6 71.Kd6 Kb7
72.Kc5 Kc7 73.Kxd4  1-0

[Event "59th ch-RUS w HL"]
[Site "Voronezh RUS"]
[Date "2009.06.03"]
[Round "3"]
[White "Ivakhinova,I"]
[Black "Charochkina,D"]
[Result "1-0"]
[WhiteElo "2219"]
[BlackElo "2306"]

1.e4 c5 2.Nf3 d6 3.d4 cxd4 4.Nxd4 Nf6 5.Nc3 Nc6 6.Bg5 e6 7.Qd2 Be7 8.O-O-O O-O
9.f3 Nxd4 10.Qxd4 a6 11.h4 b5 12.Kb1 Qa5 13.Qd2 b4 14.Ne2 Rd8 15.Nd4 Qb6
16.g4 a5 17.Be3 Qb7 18.g5 Nh5 19.Bh3 d5 20.e5 b3 21.cxb3 a4 22.Qd3 Bd7 23.Rh2 axb3
24.a3 Ra4 25.Bg4 g6 26.Bxh5 gxh5 27.f4 Rc8 28.Rc1 Rxc1+ 29.Bxc1 Qb6 30.Rd2 Rc4
31.Rd1 Ba4 32.Be3 Bc5 33.f5 Bd7 34.g6 fxg6 35.fxg6 h6 36.Qf1 Be8 37.Qf6 Bxd4
38.Bxh6  1-0

[Event "XXXI Nezhmetdinov Mem"]
[Site "Kazan RUS"]
[Date "2009.06.04"]
[Round "5"]
[White "Kokarev,Dm"]
[Black "Akhmadeev,Vad"]
[Result "1-0"]
[WhiteElo "2603"]
[BlackElo "2419"]

1.e4 c5 2.Nf3 d6 3.d4 cxd4 4.Nxd4 Nf6 5.Nc3 Nc6 6.Bg5 e6 7.Qd2 a6 8.O-O-O Bd7
9.f4 h6 10.Bh4 g5 11.fxg5 Ng4 12.Nf3 hxg5 13.Bg3 Be7 14.Bc4 Nge5 15.Bb3 Nxf3
16.gxf3 Ne5 17.Qf2 b5 18.Kb1 Qb8 19.h4 gxh4 20.Bxh4 Rxh4 21.Rxh4 Bxh4 22.Qxh4 Qd8
23.Qh8+ Ke7 24.Qh4+ Ke8 25.Qg3 Ng6 26.Qxd6 Qe7 27.Qb6 Nf8 28.e5 Ng6 29.f4 Nxf4
30.Ne4 Rd8 31.Nf6+ Kf8 32.Qe3 Bc6 33.Rg1 Qb4 34.c3  1-0

[Event "XXXI Nezhmetdinov Mem"]
[Site "Kazan RUS"]
[Date "2009.06.06"]
[Round "7"]
[White "Vasiljev,Vasily"]
[Black "Akhmadeev,Vad"]
[Result "0-1"]
[WhiteElo "2210"]
[BlackElo "2419"]

1.e4 c5 2.Nf3 d6 3.d4 cxd4 4.Nxd4 Nf6 5.Nc3 Nc6 6.Bg5 Qb6 7.Bxf6 gxf6 8.Nb3 e6
9.Qd2 a6 10.O-O-O Bd7 11.f4 O-O-O 12.Kb1 Kb8 13.Qe1 Be7 14.Bd3 Rdg8 15.g3 h5
16.Rg1 Bd8 17.Be2 Bc7 18.h4 Na5 19.Nd4 Ka8 20.Qf1 Rc8 21.Rg2 Bd8 22.Nb3 Nxb3
23.axb3 Be7 24.Bf3 Bc6 25.Qe2 Qa5 26.Nd5 Bd8 27.Nc3 Bc7 28.Rf2 Rcg8 29.Rg2 Rh7
30.Rd3 Kb8 31.Qe1 Ka8 32.Qe2 Bb8 33.Qd1 f5 34.b4 Qxb4 35.exf5 Bxf3 36.Qxf3 d5
37.Re2 Rh6 38.fxe6 fxe6 39.Qf2 Rf6 40.Qe1 Rgg6 41.Qd2 Qb6 42.Qe3 Qc6 43.Qd4 Rf8
44.Qf2 Bc7 45.Qf3 Rf5 46.Nd1 Rh6 47.Ne3 Rf8 48.c4 e5 49.Nxd5 exf4 50.gxf4 Rg6
51.Rc2 Rg4 52.Ra3 Bxf4 53.c5 Ka7 54.Qb3 Be5 55.Ka2 Rg3 56.Qb6+ Qxb6 57.cxb6+ Kb8
58.Ra5 Bd4 59.Ra4 Rd3 60.Rg2 Be5 61.Ne7 Rfd8 62.Re2 Bf6 63.Re6 R3d6 64.Rxd6 Rxd6
65.Ng8 Bd8 66.Rf4 Rxb6 67.Rf5 Rg6 68.Rf8 Kc7 69.Rf7+ Kd6  0-1